<?xml version="1.0" encoding="UTF-8"?>
<record
    xmlns:xsi="http://www.w3.org/2001/XMLSchema-instance"
    xsi:schemaLocation="http://www.loc.gov/MARC21/slim http://www.loc.gov/standards/marcxml/schema/MARC21slim.xsd"
    xmlns="http://www.loc.gov/MARC21/slim">

  <leader>00767nac a22001691u 4500</leader>
  <controlfield tag="008">080818s2005    le||||| |||| 00| 0 ara d</controlfield>
  <datafield tag="020" ind1=" " ind2=" ">
    <subfield code="a">9953820236 </subfield>
  </datafield>
  <datafield tag="082" ind1=" " ind2=" ">
    <subfield code="a">328</subfield>
    <subfield code="b">&#x642; &#x648; &#x627;</subfield>
  </datafield>
  <datafield tag="110" ind1=" " ind2=" ">
    <subfield code="a">Markaz Derasat Al Wehda Al Arabeya.</subfield>
    <subfield code="9">16417</subfield>
  </datafield>
  <datafield tag="245" ind1=" " ind2=" ">
    <subfield code="a">&#x642;&#x648;&#x627;&#x639;&#x62F; &#x627;&#x644;&#x646;&#x638;&#x627;&#x645; &#x627;&#x644;&#x62F;&#x64A;&#x645;&#x648;&#x642;&#x631;&#x627;&#x637;&#x64A;&#x629;:</subfield>
    <subfield code="b">&#x642;&#x648;&#x627;&#x639;&#x62F; &#x631;&#x648;&#x628;&#x631;&#x62A; &#x627;&#x644;&#x62A;&#x646;&#x638;&#x64A;&#x645;&#x64A;&#x629; &#x644;&#x644;&#x627;&#x62C;&#x62A;&#x645;&#x627;&#x639;&#x627;&#x62A;/</subfield>
    <subfield code="c">&#x647;&#x646;&#x631;&#x649; &#x625;&#x645; &#x631;&#x648;&#x628;&#x631;&#x62A; &#x627;&#x644;&#x62B;&#x627;&#x644;&#x62B; ...(&#x648;&#x622;&#x62E;)&#x61B; &#x62A;&#x631;&#x62C;&#x645;&#x629; &#x639;&#x628;&#x62F; &#x627;&#x644;&#x644;&#x647; &#x628;&#x646; &#x62D;&#x645;&#x62F; &#x627;&#x644;&#x62D;&#x645;&#x64A;&#x62F;&#x627;&#x646;</subfield>
  </datafield>
  <datafield tag="260" ind1=" " ind2=" ">
    <subfield code="a">&#x628;&#x64A;&#x631;&#x648;&#x62A;:</subfield>
    <subfield code="b">&#x645;&#x631;&#x643;&#x632; &#x62F;&#x631;&#x627;&#x633;&#x627;&#x62A; &#x627;&#x644;&#x648;&#x62D;&#x62F;&#x629; &#x627;&#x644;&#x639;&#x631;&#x628;&#x64A;&#x629;&#x60C; 2005</subfield>
    <subfield code="c">2005.</subfield>
  </datafield>
  <datafield tag="300" ind1=" " ind2=" ">
    <subfield code="a">607&#x61B;&#x635;</subfield>
    <subfield code="c">24 &#x633;&#x645;</subfield>
  </datafield>
  <datafield tag="500" ind1=" " ind2=" ">
    <subfield code="a"> </subfield>
  </datafield>
  <datafield tag="511" ind1=" " ind2=" ">
    <subfield code="a">Catalogued by: Sara</subfield>
  </datafield>
  <datafield tag="541" ind1=" " ind2=" ">
    <subfield code="a">&#x645;&#x631;&#x643;&#x632; &#x62F;&#x631;&#x627;&#x633;&#x627;&#x62A; &#x627;&#x644;&#x648;&#x62D;&#x62F;&#x629; &#x627;&#x644;&#x639;&#x631;&#x628;&#x64A;&#x629; &#x61B;</subfield>
    <subfield code="c">&#x634;&#x631;&#x627;&#x621; &#x61B;</subfield>
  </datafield>
  <datafield tag="942" ind1=" " ind2=" ">
    <subfield code="c">BB</subfield>
    <subfield code="k">328 &#x642; &#x648; &#x627;</subfield>
    <subfield code="2">ddc</subfield>
  </datafield>
  <datafield tag="999" ind1=" " ind2=" ">
    <subfield code="c">5614</subfield>
    <subfield code="d">5614</subfield>
  </datafield>
  <datafield tag="952" ind1=" " ind2=" ">
    <subfield code="0">0</subfield>
    <subfield code="1">0</subfield>
    <subfield code="2">ddc</subfield>
    <subfield code="4">0</subfield>
    <subfield code="7">0</subfield>
    <subfield code="8">UASC</subfield>
    <subfield code="a">MAIN</subfield>
    <subfield code="b">MAIN</subfield>
    <subfield code="c">1ST</subfield>
    <subfield code="d">2011-02-21</subfield>
    <subfield code="e">purchase</subfield>
    <subfield code="o">328 &#x642; &#x648; &#x627;</subfield>
    <subfield code="p">000006931</subfield>
    <subfield code="r">2025-07-15 00:00:00</subfield>
    <subfield code="y">BB</subfield>
  </datafield>
</record>
